Normal view
MARC view
- Frowe, Hellen
Entry Personal Name
001 - CONTROL NUMBER
- control field: 129355
003 - CONTROL NUMBER IDENTIFIER
- control field: NUST
005 - DATE AND TIME OF LATEST TRANSACTION
- control field: 20250701154740.0
008 - FIXED-LENGTH DATA ELEMENTS
- fixed length control field: 250701|| aca||aabn | a|a d
040 ## - CATALOGING SOURCE
- Original cataloging agency: NUST
- Transcribing agency: NUST
100 ## - HEADING--PERSONAL NAME
- Personal name: Frowe, Hellen
670 ## - SOURCE DATA FOUND
- Source citation: Work cat.: (NUST): Frowe, Hellen, The Ethics of War and Peace/, 2013.
